La invención del cuadro: arte, artífices y artificios en los orígenes de la pintura europea
Shranjeno v:
| Glavni avtor: | |
|---|---|
| Format: | Knjiga |
| Jezik: | španščina |
| Izdano: |
Barcelona
Del Serbal
2000
|
| Izdaja: | 1a. ed |
| Serija: | Cultura Artística, 18
|
| Teme: | |
| Oznake: |
Označite
Brez oznak, prvi označite!
|
MARC
| LEADER | 00000cam a2200000 a 4500 | ||
|---|---|---|---|
| 001 | UCF1565 | ||
| 003 | CL-VaPUC | ||
| 008 | 120711e20000000SP |||||||||||||||||spa|d | ||
| 020 | |a 8476282931 | ||
| 082 | 0 | 4 | |a 709.0344 |b STO |2 21 |
| 100 | 0 | |a Stoichita, Victor I |e author |9 563055 | |
| 245 | 1 | 3 | |a La invención del cuadro: arte, artífices y artificios en los orígenes de la pintura europea |
| 250 | |a 1a. ed | ||
| 300 | |a 301 p | ||
| 942 | |c BK | ||
| 945 | |d 20120711 00:00:00 |a cmena | ||
| 260 | |a Barcelona |b Del Serbal |c 2000 | ||
| 650 | 0 | |a Historia del arte |9 314877 | |
| 650 | 0 | |a Crítica de arte |9 334590 | |
| 650 | 0 | |a Crítica e interpretación |9 255042 | |
| 650 | 0 | |a Pinturas |9 347968 | |
| 650 | 0 | |a Obras de arte |9 337253 | |
| 650 | 0 | |a Pintura europea |9 340350 | |
| 583 | |a last modification |c 20180827 03:15:25 |k Rodrigo Vera | ||
| 490 | 0 | |a Cultura Artística, 18 | |
| 999 | |c 348292 |d 348290 | ||
| 952 | |0 0 |1 0 |2 ddc |4 0 |6 709_034400000000000_STO_2000 |7 0 |8 A |9 450257 |a BIBART |b BIBART |d 2019-11-22 |i 4882040 |l 3 |o 709.0344 STO 2000 |p 4882040 |r 2025-03-13 |s 2024-06-04 |w 2019-11-22 |y BK |k ART | ||